000 00497nam a2200169 a 4500
001 000041276
005 20201002034740.0
008 130927s1997 cl 000 0 spa d
020 _a9580438676
040 _aDO-SdBNP
_bspa
_cBNPHU
100 1 _aMutis, Álvaro
_d1923-
_924960
245 1 3 _aLa última escala del tramp steamer /
_cÁlvaro Mutis.
260 _aBogotá :
_bNorma,
_c1997.
300 _a101 p. ;
_c23 cm.
490 1 _aLa pequeña bilbioteca
830 0 _aLa pequeña bilbioteca
_967887
999 _c40766
_d40766